| LEADER | 01245nam a2200229 4500 | ||
|---|---|---|---|
| 082 | |a 895.922134 |b NG527TH | ||
| 100 | |a Nguyễn Thiên Sơn | ||
| 245 | |a Khoảnh khắc: |c Nguyễn Thiên Sơn |b Thơ | ||
| 260 | |a Huế |b Thuận Hóa |c 2005 | ||
| 300 | |a 72 tr. |c 19 cm | ||
| 520 | |a v.v... | ||
| 653 | |a Văn học hiện đại | ||
| 653 | |a Thế kỷ 20 | ||
| 653 | |a Thế kỷ 21 | ||
| 653 | |a Việt Nam | ||
| 653 | |a Thơ | ||
| 942 | |2 ddc |c STK0 | ||
| 999 | |c 2035 |d 2035 | ||
| 952 | |0 0 |1 0 |2 ddc |4 0 |6 895_922134000000000_NG527TH |7 1 |8 800 |9 29969 |a qbu |b qbu |c D5 |d 2014-12-12 |g 25000 |o 895.922134 NG527TH |p 5078.c1 |r 0000-00-00 |w 2014-12-12 |y STK0 |0 0 |6 895_922134000000000_NG527TH | ||
| 952 | |0 0 |1 0 |2 ddc |4 0 |6 895_922134000000000_NG527TH |7 0 |8 800 |9 29970 |a qbu |b qbu |c D5 |d 2014-12-12 |g 25000 |o 895.922134 NG527TH |p 5078.c2 |r 0000-00-00 |w 2014-12-12 |y STK0 |0 0 |6 895_922134000000000_NG527TH | ||
| 952 | |0 0 |1 0 |2 ddc |4 0 |6 895_922134000000000_NG527TH |7 0 |8 800 |9 29971 |a qbu |b qbu |c D5 |d 2014-12-12 |g 25000 |o 895.922134 NG527TH |p 5078.c3 |r 0000-00-00 |w 2014-12-12 |y STK0 |0 0 |6 895_922134000000000_NG527TH | ||
| 952 | |0 0 |1 0 |2 ddc |4 0 |6 895_922134000000000_NG527TH |7 0 |8 800 |9 29972 |a qbu |b qbu |c D5 |d 2014-12-12 |g 25000 |o 895.922134 NG527TH |p 5078.c4 |r 0000-00-00 |w 2014-12-12 |y STK0 |0 0 |6 895_922134000000000_NG527TH | ||